01022njm a2200241Ia 4500001000600000003000900006005001700015008004100032040001300073040001300086100002800099100001800127100003700145245002800182250001100210260001100221260003300232300001700265300003000282500004400312505036700356650005700723B7167IT-RoPAU20220918181133.0131025s9999 xx 000 0 und d aIT-RoPAU cIT-RoPAU aMozart Wolfgang Amadeus eAutore musica gCodice autore musica SPICS: 3486 aMozart In Rock - E.S.O. a1a ed. aMILANO bFIVE RECORDc1991 [1a Ed.:0] aMUSICASSETTA c39 minuti (Testo: 0 pag.) aMusica classica con arrangiamento rock. aLe nozze di Figaro (Ouverture K. 492) - Serenata (Piccola serenata notturna K. 525) - Marcia turca dalla sonata K. 331 - Sonata KV. 545 - Minuetto K. 525 - Così€ fan tutte (Ouverture K. 588) - Voi che sapete (dalle Nozze di Figaro K. 492) - La ci darem la mano (Don Giovanni K. 527) - Andante (dal concerto per piano n. 21 K. 467) - Sinfonia n. 40 (1 movimento) aARRANGIAMENTO [CASSETTE]eCodice MATERIA SPICS: 9951